000 01063cam a22003017a 4500
003 CHAP
005 20220817043156.0
008 971013s1988 r 00010 d
010 _a67577
011 _a68549
035 _a78022
040 _cCHAP
082 _a634.0913
_bF6
110 _aFood and Fertilizer Technology Center for the Asian and Pacific Region
245 0 _aPostharvest handling of tropical and subtropical fruit crops
260 _aTaiwan :
_bFood and Fertilizer Technology Center for the Asian Pacific Region,
_c1988
300 _a135 p.
_b: ilus. : gráfs.
590 _aBATCH-UPD
_b10
_c20130110
_lUCH01
_h0836
590 _aBATCH-UPD
_b10
_c20130410
_lUCH01
_h0514
590 _aBATCH-UPD
_b10
_c20130914
_lUCH01
_h1445
590 _aCONVERSION
_b10
_c20130109
_lUCH01
_h1337
650 1 4 _aFruta
_xAlmacenamiento.
_943592
650 1 4 _aFruta
_xFisiología y morfología.
_943618
650 1 4 _aFruticultura
_xTrópicos.
_943755
901 _aBK
942 _cLIBRO
949 _a634.0913 F6
_bBC
_cLIBRO
_d33724000203188
_eLIBRO
_h74361
_i78022
_mD
_si
999 _c67577
_d67577